000 00332nam a22001337a 4500
008 260323b ||||| |||| 00| 0 eng d
020 _a9789951053518
041 _aeng
080 _a2.1
100 _a25
101 _aprralla per femije
245 _aMaçoku me çizme dhe përralla të tjera
_cCharles Perrauit
942 _2lcc
_cBK
999 _c60913
_d60913